000 00701nam a2200229Ia 4500
003 OSt
005 20230517140941.0
008 210423s1994 xx 000 0 und d
020 _a0-691-03742-6
040 _cAL
041 _aeng
082 _a325.32 PRAA
100 _aPRAKASH (Gyan) Ed
_9106691
245 _aAfter colonialism: imperial histories and postcolonial displacements
260 _aUnited Kingdom
_bPrinceton University Press
_c1994
300 _aviii,352
_bPB
365 _b4899
_cINR
650 _aInternational Migration
_9106692
650 _aPolitical Science
_9106693
906 _aAfter ; colonialism:imperial ; displacements ; histories ; postcolonial
942 _2ddc
_cBK
999 _c167590
_d167590